000 00914nam a22003497a 4500
001 BR2011002167
003 BR-BrBNA
005 20230928103512.0
007 ta
008 230509b bl.||||| |||| 00| 0 por d
040 _aBR-BrBNA
_bpor
_cBiblioteca Nacional de Agricultura
041 _a(Por)
072 _aL01
_b6100
090 _ 6100 BR2011002167
110 1 _aFundação Apinco de Ciência e Tecnologia Avícolas, Campinas, SP (Brasil)
_95081
245 1 _aManejo de matrizes
260 3 _aCampinas, SP (Brasil):
_c1994.
300 _a198 p.
500 _a10 illus.; 67 tables
650 _aAVICULTURA
650 _aMATRIZ
650 _aMANEJO
650 _aLINHAGEM
650 _aCRIAÇÃO
650 _aRECRIA
650 _aPESO
650 _aBIOSSEGURANÇA
650 _aNUTRIÇÃO ANIMAL
650 _aPRODUÇÃO ANIMAL
909 _a202309
_bLucia
_c55
_dLucia Elande
942 _cBK
999 _c75395
_d75395